Statistics for Lizard Families - Corytophanidae

Click here to take the quiz!

General Stats

  • This quiz has been taken 17 times
  • The average score is 4 of 11

Answer Stats

FamilyGenusSpeciesCommon name% Correct
CorytophanidaeBasiliscusBasiliscusCommon basilisk
80%
PlumifronsPlumed basilisk
80%
VittatusBrown basilisk
50%
CorytophanesCristatusSmooth helmeted iguana
40%
GaleritusWestern basilisk
30%
LongipesEastern casquehead iguana
20%
PercarinatusGuatemalan helmeted basilisk
20%
HernandesiiHernandez's helmeted basilisk
20%
LaemanctusJulioiJulio's casquehead iguana
20%
SerratusSerrated casquehead iguana
20%
WaltersiWalter's casquehead iguana
20%

Score Distribution

Percentile by Number Answered

Percent of People with Each Score

Your Score History

You have not taken this quiz